Akce L. Příběhy z atomového věku

Bibliographic Details
Main Author: Běhounek, František, 1898-1973 (Author)
Other Authors: Rotrekl, Teodor, 1923-2004 (Illuminator)
Format: Book
Language:Czech
PhysicalDescription:259, [3] s. 8°
Published: Praha SNDK 1956
Series:Knižnice vědeckofantastických příběhů

MARC

LEADER 00000nam a2200000 a 4500
001 vtls001183345
003 SK-MaSNL
005 20260301233933.0
008 251113s1956 xr 0 cze
035 |a SNK000126397 
040 |a SNK  |b slo  |c SNK  |e AACR2 
041 0 |a cze 
044 |a CZ 
100 1 |a Běhounek, František,  |d 1898-1973  |4 aut  |9 121433 
245 0 |a Akce L. Příběhy z atomového věku  |c František Běhounek ; Ilustr. Theodor Rotrekl 
260 |a Praha  |b SNDK  |c 1956 
300 |a 259, [3] s.  |c 8° 
490 1 |a Knižnice vědeckofantastických příběhů  |v Sv. 6 
521 |a Pro čtenáře od 12 let 
700 1 |a Rotrekl, Teodor,  |d 1923-2004  |4 ilu  |9 42191 
830 0 |a Knižnice vědeckofantastických příběhů  |9 283078 
958 |a RK 
999 |c 968205  |d 970135 
952 |t P60, <04>, [BOOK], {604}  |a SNK  |b SNK  |y VYP  |7 0  |o snkIC 15853  |0 0  |1 0  |4 0  |d 1996-03-11  |l 0  |r 2005-01-01 00:00:00  |w 2026-02-24 
952 |t P60, <04>, [BOOK], {604}  |a SNK  |b SNK  |y VYP  |7 0  |o snkIC 15853 D1  |0 0  |1 0  |4 0  |d 1996-03-11  |l 0  |r 2005-01-01 00:00:00  |w 2026-02-24